you can't hide. fnaf sister location lyrics - Statistics

General Stats
  • This quiz has been taken 497 times
  • The average score is 50 of 60
Answer Stats
Hint Answer % Correct
you can run, you can't hide
98%
you can run, but you can't hide
98%
you can run but you can't hide
98%
you can run but you can't hide
98%
i feel like i'm dying hide
98%
bring you down here in the dead of night
97%
it's just another night
97%
we'll always seek, we'll always find
93%
we'll always seek, we'll always find
93%
trying our best to get at you run
93%
wait.... now i hear it run
93%
i hear a sound
90%
you can run, you can try
90%
you can run, you can try
90%
afraid of what might be
89%
the birthday boy to be
89%
why don't you beleive me
89%
of bonbon and me
89%
it's probably just a mouse
89%
i know there's someone there
89%
whats that sound, i know someones there
89%
maybe you're right
88%
i knew i was right
88%
keep you working try to survive
88%
i see them in the dark
87%
well, whose that i see
87%
just go back to sleep
87%
so just go back to your stage
87%
i won't go back to my stage
87%
i feel like i'm dying
86%
but we just can't let that happen
86%
but we can make accidents happen
86%
we can make accidents happen
86%
we can make accidents happen
86%
we can make accidents happen
86%
we can make accidents happen
86%
not as far as i'm aware
85%
well, let's go say hi to the new friend
84%
i'm hiding i'm trying
84%
oh, bonbon let's make this fun
83%
i feel like shes lying
82%
i'm always quick to rage
82%
hiding in the shadows thinking i was unaware
82%
i only saw a spark
81%
instrucing me blindly
80%
but i heard a creak
80%
you can't deter me this time no i'm done
79%
shes guiding me quietly
78%
to think i would find you over here
77%
we are secretly watching you too
77%
we know you want to deactivate us
76%
they're laughing while finding
73%
let's invite him over
72%
as my new trend
70%
every night always it never changes
67%
well there's no need
65%
you seem to be just
62%
hurry up before hes' bolder
58%
well isn't it intriguing that
58%
a little bit wary
43%
No matching quizzes found
Score Distribution
Percent of People with Each Score
Percentile by Number Answered
Your Score History
You have not taken this quiz